The goal : a process of ongoing improvement (Record no. 90486)

MARC details
000 -LEADER
fixed length control field 00512nam a2200169Ia 4500
008 - FIXED-LENGTH DATA ELEMENTS--GENERAL INFORMATION
fixed length control field 230125s9999 xx 000 0 und d
041 ## - LANGUAGE CODE
Language code of text/sound track or separate title eng
082 ## - DEWEY DECIMAL CLASSIFICATION NUMBER
Classification number 823
Item number GOL/COX
100 ## - MAIN ENTRY--PERSONAL NAME
Personal name Goldratt E M
9 (RLIN) 109872
245 ## - TITLE STATEMENT
Title The goal : a process of ongoing improvement
260 ## - PUBLICATION, DISTRIBUTION, ETC. (IMPRINT)
Date of publication, distribution, etc. 2004
Name of publisher, distributor, etc. Productivity and Quallity Publishing Pvt. Ltd.
Place of publication, distribution, etc. Madras
300 ## - PHYSICAL DESCRIPTION
Extent 349p
500 ## - GENERAL NOTE
Keywords Literature;Novels;English Literature
650 ## - SUBJECT ADDED ENTRY--TOPICAL TERM
Topical term or geographic name as entry element English Literature
700 ## - ADDED ENTRY--PERSONAL NAME
Personal name Goldratt E M & Cox J
9 (RLIN) 109873
Holdings
Withdrawn status Lost status Damaged status Not for loan Home library Current library Date acquired Vendor Cost, normal purchase price Full call number Barcode Date last seen Cost, replacement price Bill Date Koha item type Original Barcode
        Smt. Hiraben Nanavati Institute of Management & Research for Women Smt. Hiraben Nanavati Institute of Management & Research for Women 27/04/2000 Satya Gilani 650.00 823 GOL/COX DB0310 HIMR-DB-310 25/01/2023 650.00 27/04/2000 Donated Book DB0310